Empleo digno, distribución del ingreso y bienestar /

Kaydedildi:
Detaylı Bibliyografya
Yazar: Calva, José Luis (coord.)
Materyal Türü: Kitap
Dil:İspanyolca
Baskı/Yayın Bilgisi: México : Juan Pablos : Consejo Nacional de Universitarios para una Nueva Estrategia de Desarrollo, 2012, c2012
Seri Bilgileri:(Análisis Estratégico para el Desarrollo ; 11)
Konular:
Etiketler: Etiketle
Etiket eklenmemiş, İlk siz ekleyin!

MARC

LEADER 00000nam^a2200000^a^4500
001 000328223
005 20250521000000.0
009 20260310113859.128
020 |a 978-607-711-051-4 
020 |a 978-607-711-042-2 
037 |a Acervo ITESO - Biblioteca 
041 |a ESP 
082 |a 320. 97207  |b ANA V. 11 
100 |a Calva, José Luis  |e (coord.) 
245 1 0 |a Empleo digno, distribución del ingreso y bienestar /  |c Coord. y pról. de J.L. Calva. 
264 4 |a México :  |b Juan Pablos :  |b Consejo Nacional de Universitarios para una Nueva Estrategia de Desarrollo,  |c 2012, c2012 
300 |a 401 p. 
336 |a texto  |b txt  |2 rdacontenido 
337 |a sin mediación  |b n  |2 rdamedio 
338 |a volumen  |b nc  |2 rdasoporte 
440 1 |a (Análisis Estratégico para el Desarrollo ;  |v 11) 
649 |a XX 
650 |a Migración 
650 |a Pobreza -  |z México -  |x Prevención y Atención 
650 |a Sueldos y Salarios -  |z México 
650 |a Distribución del Ingreso -  |z México -  |x Tema Principal 
650 |a Relaciones Laborales -  |z México 
650 |a Mercado de Trabajo -  |z México 
650 |a Empleo y Desempleo -  |z México -  |x Tema Principal 
650 |a Estado de Bienestar -  |z México -  |x Tema Principal 
650 |a Desarrollo Económico-Social -  |z México 
650 |a Política Económica -  |z México 
650 |a Política Social -  |z México 
650 |a Economía Laboral -  |z México 
650 |a Economía -  |z México 
910 |a Fondo General 
920 |a Impresos - Libros 
930 |a Colección General 
905 |a 101 
901 |a 0500217363  |b IT1  |c ACC  |i C136001  |u 20250521 
902 |a https://opac.biblio.iteso.mx/vufind/Record/000328223